<?xml version="1.0" encoding="UTF-8"?>
<record
    xmlns:xsi="http://www.w3.org/2001/XMLSchema-instance"
    xsi:schemaLocation="http://www.loc.gov/MARC21/slim http://www.loc.gov/standards/marcxml/schema/MARC21slim.xsd"
    xmlns="http://www.loc.gov/MARC21/slim">

  <leader>02234nam a2200337 u 4500</leader>
  <controlfield tag="001">911513</controlfield>
  <controlfield tag="005">20260506154401.0</controlfield>
  <controlfield tag="007">co|||||||</controlfield>
  <controlfield tag="008">050301s2004                        spa  </controlfield>
  <datafield tag="035" ind1=" " ind2=" ">
    <subfield code="a">911513</subfield>
  </datafield>
  <datafield tag="040" ind1=" " ind2=" ">
    <subfield code="c">comduadb</subfield>
  </datafield>
  <datafield tag="041" ind1=" " ind2=" ">
    <subfield code="a">spa</subfield>
  </datafield>
  <datafield tag="080" ind1=" " ind2=" ">
    <subfield code="a">T/CD</subfield>
  </datafield>
  <datafield tag="082" ind1=" " ind2="4">
    <subfield code="a">658</subfield>
  </datafield>
  <datafield tag="100" ind1="1" ind2="0">
    <subfield code="a">Ocampo Ceballos, Adriana</subfield>
    <subfield code="4">aut</subfield>
    <subfield code="e">aut</subfield>
    <subfield code="9">401682</subfield>
  </datafield>
  <datafield tag="245" ind1="1" ind2="0">
    <subfield code="a">Analisis de puestos por competencias para los cargos del area operativa de los hoteles Sol Caribe de las Islas de San Andres y Providencia</subfield>
  </datafield>
  <datafield tag="260" ind1=" " ind2=" ">
    <subfield code="a">Medell&#xED;n :</subfield>
    <subfield code="b">[sin publicador],</subfield>
    <subfield code="c">2004.</subfield>
  </datafield>
  <datafield tag="300" ind1=" " ind2=" ">
    <subfield code="a">1 CD ROM</subfield>
  </datafield>
  <datafield tag="520" ind1="3" ind2=" ">
    <subfield code="a">El presente trabajo de grado tiene como prop&#xF3;sito ilustrar un proceso de an&#xE1;lisis de puestos por competencias realizado en los Hoteles Sol Caribe de las Islas de San Andr&#xE9;s y Providencia.  Teniendo en cuenta que el mencionado an&#xE1;lisis de puestos se realiz&#xF3; con base en el modelo de competencias, se comenz&#xF3; por establecer una definici&#xF3;n del t&#xE9;rmino competencia desglos&#xE1;ndolo en los elementos b&#xE1;sicos que facilitan su comprensi&#xF3;n, estableciendo una diferenciaci&#xF3;n con algunos conceptos de similar interpretaci&#xF3;n y abarcando la clasificaci&#xF3;n y la historia del t&#xE9;rmino.
Para ubicar el proceso de an&#xE1;lisis de puestos por competencias se hace necesario estructurarlo dentro de la teor&#xED;a de la gesti&#xF3;n por competencias para lo cual se describen de forma general las aplicaciones y ventajas de este modelo dentro de la gesti&#xF3;n del talento humano.
De esta manera se procede a exponer de una manera sencilla el procedimiento y los m&#xE9;todos empleados para efectuar la descripci&#xF3;n y el an&#xE1;lisis de puestos, la identificaci&#xF3;n y evaluaci&#xF3;n de las competencias y del perfil motivacional.
As&#xED; se concluye presentando los resultados del proceso del an&#xE1;lisis de puestos por competencias realizado en los Hoteles Sol Caribe.
 </subfield>
  </datafield>
  <datafield tag="650" ind1=" " ind2="7">
    <subfield code="a">Hoteles</subfield>
    <subfield code="2">lemb</subfield>
    <subfield code="9">17484</subfield>
  </datafield>
  <datafield tag="650" ind1=" " ind2=" ">
    <subfield code="a">Gesti&#xF3;n por competencias</subfield>
    <subfield code="9">122127</subfield>
  </datafield>
  <datafield tag="650" ind1=" " ind2=" ">
    <subfield code="a">Perfil motivacional</subfield>
    <subfield code="9">22390</subfield>
  </datafield>
  <datafield tag="650" ind1=" " ind2=" ">
    <subfield code="a">Investigaciones</subfield>
    <subfield code="9">2205</subfield>
  </datafield>
  <datafield tag="650" ind1=" " ind2="7">
    <subfield code="a">Econom&#xED;a</subfield>
    <subfield code="2">armarc</subfield>
    <subfield code="9">934</subfield>
  </datafield>
  <datafield tag="650" ind1=" " ind2="7">
    <subfield code="a">Turismo</subfield>
    <subfield code="2">lemb</subfield>
    <subfield code="9">32779</subfield>
  </datafield>
  <datafield tag="650" ind1=" " ind2="7">
    <subfield code="a">Psicolog&#xED;a</subfield>
    <subfield code="2">dcs</subfield>
    <subfield code="9">3096</subfield>
  </datafield>
  <datafield tag="650" ind1=" " ind2=" ">
    <subfield code="a">San Andr&#xE9;s y Providencia</subfield>
    <subfield code="9">19680</subfield>
  </datafield>
  <datafield tag="942" ind1=" " ind2=" ">
    <subfield code="c">TESIS</subfield>
  </datafield>
  <datafield tag="999" ind1=" " ind2=" ">
    <subfield code="c">338860</subfield>
    <subfield code="d">338860</subfield>
  </datafield>
  <datafield tag="502" ind1=" " ind2=" ">
    <subfield code="b">105</subfield>
    <subfield code="c">12</subfield>
  </datafield>
  <datafield tag="526" ind1=" " ind2=" ">
    <subfield code="a">106</subfield>
  </datafield>
  <datafield tag="952" ind1=" " ind2=" ">
    <subfield code="0">0</subfield>
    <subfield code="1">0</subfield>
    <subfield code="4">0</subfield>
    <subfield code="7">0</subfield>
    <subfield code="8">TESDIGBC</subfield>
    <subfield code="a">BC</subfield>
    <subfield code="b">BC</subfield>
    <subfield code="d">2005-03-01</subfield>
    <subfield code="e">Material adquirido por donaci&#xF3;n</subfield>
    <subfield code="i">C857513</subfield>
    <subfield code="l">0</subfield>
    <subfield code="o">658.3 O15 CD-ROM</subfield>
    <subfield code="p">0541845</subfield>
    <subfield code="r">2023-04-26 00:00:00</subfield>
    <subfield code="t">1</subfield>
    <subfield code="w">2023-04-26</subfield>
    <subfield code="y">DIGITAL</subfield>
  </datafield>
  <datafield tag="952" ind1=" " ind2=" ">
    <subfield code="0">0</subfield>
    <subfield code="1">0</subfield>
    <subfield code="4">0</subfield>
    <subfield code="7">0</subfield>
    <subfield code="8">DIGITAL</subfield>
    <subfield code="a">CISH</subfield>
    <subfield code="b">CISH</subfield>
    <subfield code="d">2007-04-26</subfield>
    <subfield code="i">C947313</subfield>
    <subfield code="l">0</subfield>
    <subfield code="o">T/CD-05411</subfield>
    <subfield code="p">0621881</subfield>
    <subfield code="r">2023-04-26 00:00:00</subfield>
    <subfield code="t">2</subfield>
    <subfield code="w">2023-04-26</subfield>
    <subfield code="y">DIGITAL</subfield>
  </datafield>
</record>
